| 000 | 00000nam##2200000za#4500 |
| 001 | 9.648367 |
| 003 | CaOODSP |
| 005 | 20210615113049 |
| 007 | ta |
| 008 | 150407|2001||||xxc||||| f|0| 0 eng|d |
| 020 | |a0-662-31203-1 |
| 040 | |aCaOODSP|beng |
| 043 | |an-cn--- |
| 086 | 1 |aE2-425/2001E |
| 110 | 1 |aCanada.|bForeign Affairs and International Trade. |bCanadian Centre for Foreign Policy Development. |
| 245 | 10|aSummary of key points from presentations and discussions : |bthe Washington D.C. Roundtable on Trends in U.S. Foreign Policy |
| 260 | |aOttawa - Ontario : |bForeign Affairs and International Trade. |c2001. |
| 300 | |a13p. various pagings. ; |c28 cm. |
| 563 | |aSoftcover |
| 590 | |a02-35|b2002-08-23 |
| 690 | 07|aCanadian-American relations|2gcpds |
| 690 | 07|aForeign policy|2gcpds |
| 690 | 07|aMeetings|2gcpds |
| 776 | 0#|tSummary of key points from presentations and discussions : |w(CaOODSP)9.686249 |
| 986 | |a8012.3E. |